Statystyki dla Raków Częstochowa - skład na sezon 2023/24

Kliknij tutaj aby rozwiązać quiz!

Ogólne statystyki

  • Ten quiz został rozwiązany 130 razy
  • Średni wynik to 13 z 28

Statystyki odpowiedzi

Piłkarz% Poprawnych
BramkarzVladan Kovačević
79%
NapastnikŁukasz Zwoliński
77%
PomocnikFran Tudor
76%
NapastnikFabian Piasecki
70%
ObrońcaZoran Arsenić
70%
NapastnikJohn Yeboah
60%
PomocnikBen Lederman
58%
BramkarzKacper Bieszczad
58%
PomocnikSonny Kittel
57%
PomocnikMarcin Cebula
52%
ObrońcaMilan Rundić
51%
PomocnikJean Carlos Silva
49%
ObrońcaBogdan Racovițan
46%
ObrońcaStrátos Svárnas
46%
PomocnikSrđan Plavšić
44%
ObrońcaAdnan Kovačević
41%
PomocnikDeian Sorescu
41%
PomocnikBartosz Nowak
40%
PomocnikWładysław Koczerhin
40%
PomocnikDawid Drachal
39%
PomocnikGustav Berggren
37%
PomocnikGiánnis Papanikoláou
29%
ObrońcaAdrian Gryszkiewicz
23%
BramkarzAntónis Tsiftsís
20%
ObrońcaKamil Pestka
20%
NapastnikTomasz Walczak
20%
PomocnikSzymon Czyż
14%
BramkarzHubert Muszyński
8%

Rozkład punktacji

Percentyl według liczby udzielonych odpowiedzi

Procent ludzi z każdym wynikiem

Twoja historia wyników

Nie rozwiązałeś tego quizu